Zhlukovanie časových radov dlhodobých úrokových mier

Zhlukovanie časových radov dlhodobých úrokových mier v štátoch Európskej únie. Aplikácia algoritmu hierarchického zhlukovania s vhodne zvolenými parametrami, pomocou ktorého je identifikovaná skupina štátov s podobným vývojom úrokových mier.

Saved in:
Bibliographic Details
Main Author: Stehlíková, Beáta
Format: Book Chapter
Language:Slovak
Subjects:
Tags: Add Tag
No Tags, Be the first to tag this record!

MARC

LEADER 00000naa a2200000 4500
001 0251139
005 20220715094124.6
041 0 |a slo 
044 |a SK 
245 1 0 |a Zhlukovanie časových radov dlhodobých úrokových mier  |c Beáta Stehlíková 
520 |a Zhlukovanie časových radov dlhodobých úrokových mier v štátoch Európskej únie. Aplikácia algoritmu hierarchického zhlukovania s vhodne zvolenými parametrami, pomocou ktorého je identifikovaná skupina štátov s podobným vývojom úrokových mier. 
610 2 0 |a rady časové 
610 2 0 |a miera úroková 
610 2 0 |a Európska únia 
610 2 0 |a analýza zhluková 
100 1 |a Stehlíková, Beáta